000 00700nam a2200277Ia 4500
005 20260324114518.0
008 008 260324s9999 xx 000 0 eng d
020 _a9781003080817
037 _aEBOOK
040 _aCRL
040 _beng
040 _cCRL
041 _2eng
041 _aeng
084 _qCRL
100 _aKhalil R. Chowdhury; Md. Sakawat Hossain; Md. Sharif Hossain Khan
_91151072
245 0 _aBangladesh Geosciences and Resources Potential
260 _bTaylor and Francis
260 _c2022
365 _a
365 _b355
856 _uhttp://www.taylorfrancis.com/books/9781003080817
942 _cEBOOK
999 _c1741291
_d1741291